000 00650nam a2200229Ia 4500
003 OSt
005 20220926002356.0
006 a|||||r|||| 00| 0
007 ta
008 220923b |||||||| |||| 00| 0 eng d
037 _cGeneral Book
040 _aRTL
_cRTL
_beng
041 _2eng
_aeng
082 _aX71.44.N71, L1.4
110 _aINDIA (Govt. of-)
245 0 _aBudget of the central govt. for 1971-72
260 _a New Delhi
_bMinistry of finance
_c1971
500 _aDocument contain various pagination
700 _aINDIA (Govt. of-)
942 _hX71.44.N71, L1.4
_cGB
_2CC
999 _c604684
_d604684